000 01077njm a22002777a 4500
005 20100909144517.0
007 sd ammalaaahaa
008 100904t xxu||||| |||| 00| 0 eng d
028 _a3AEX. 5051
_bODEON
028 _a2XJE. 891
_bODEON
028 _a2XJE. 892
_bODEON
035 _aGR-01527
040 _aSED/VEN
100 _aMangeshkar, Lata
_91184
245 _aBarsaat; Part-1:
_bHindustani /
_cby Lata Mangeshkar; Music by Shankar Jaikishan
_h[Sound Recording] :
260 _aDum Dum, India :
_bODEON
300 _a1 sound disc [Gramophone Recording] :
_banalog, 33 1/3 rpm ;
_c12 in.
_fGramophone Records
500 _aBrief Records
505 _aSong Side-1; Barsaat Mein Hamse Mile (Barsaat) (Lata Mangeshkar & Chorus), Song Side-2; Mud Mud Ke Na Dekh (Shree 420) (Asha Bhosle & Chorus) Part 2
650 _aClassical Music
_xExcerpts
_zIndia
_918309
700 _918319
_aChorus
700 _918320
_aBhosle, Asha
700 _919056
942 _2ddc
_cGR
999 _c44831
_d44831